| 000 | 07833nam a22002537a 4500 | ||
|---|---|---|---|
| 003 | NALT | ||
| 005 | 20250724173631.0 | ||
| 008 | 250715b th ||||| |||| 00| 0 tha d | ||
| 020 | _a9786162717161 | ||
| 040 | _aNALT | ||
| 050 |
_aNA 2850 _bต182ก 2566 |
||
| 100 | 0 |
_aตรีชาติ เลาแก้วหนู. _966281 |
|
| 245 | 1 | 0 |
_aการออกแบบศาสนสถานเพื่อทุกคน วัด มัสยิด โบสถ์คริสต์ ศาลเจ้า / _cตรีชาติ เลาแก้วหนู. |
| 250 | _aพิมพ์ครั้งที่ 1. | ||
| 260 |
_aตรัง : _bคณะสถาปัตยกรรมศาสตร์ มหาวิทยาลัยสงขลานครินทร์ วิทยาเขตตรัง , _c2566. |
||
| 300 |
_a336 หน้า : _bภาพประกอบ ; _c20 ซม. |
||
| 505 | 2 | _aบทที่ 1 ผู้สูงอายุและคนพิการในประเทศไทย -- 1.1 ผู้สูงอายุในประเทศไทย -- 1.2 คนพิการในประเทศไทย -- บทที่ 2 แนวความคิดการออกแบบเพื่อทุกคน (Universal Design Concept) -- 2.1 ความหมายของการออกแบบเพื่อทุกคน -- 2.2 หลักการออกแบบเพื่อทุกคน -- บทที่ 3 กฎหมายที่เกี่ยวข้องกับการออกแบบศาสนสถานเพื่อทุกคน 3.1 กฎกระทรวงการกำหนดสิ่งอำนวยความสะดวกในอาคารสำหรับผู้พิการหรือทุพพลภาพและคนชรา พ.ศ. 2548 -- 3.2 มติคณะรัฐมนตรี วันที่ 19 พฤษภาคม 2552 -- 3.3 กฏกระทรวงการกำหนดสิ่งอำนวยความสะดวกในอาคารสำหรับผู้พิการหรือทุพพลภาพและคนชรา (ฉบับที่ 2) พ.ศ. 2555 -- 3.4 กฏกระทรวงการกำหนดสิ่งอำนวยความสะดวกในอาคารสำหรับผู้พิการหรือทุพพลภาพและคนชรา (ฉบับเพิ่มเติม) พ.ศ. 2564 -- บทที่ 4 การออกแบบวัดเพื่อทุกคน -- 4.1 ความหมายของวัด -- 4.2 ประเภทและรูปแบบของวัดในประเทศไทย -- 4.3 องค์ประกอบของวัดในประเทศไทย -- 4.4 จุดเสี่ยงในวัดสำหรับผู้สูงอายุและคนพิการ -- 4.5 แนวทางการออกแบบสภาพแวดล้อมในวัดเพื่อทุกคน -- บทที่ 5 การออกแบบมัสยิดเพื่อทุกคน -- 5.1 ความหมายของมัสยิด -- 5.2 ประเภทและรูปแบบของมัสยิดในประเทศไทย -- 5.3 องค์ประกอบของมัสยิดในประเทศไทย -- 5.4 จุดเสี่ยงในมัสยิดสำหรับผู้สูงอายุและคนพิการ -- 5.5 แนวทางการออกแบบสภาพแวดล้อมในมัสยิดเพื่อทุกคน -- บทที่ 6 การออกแบบโบสถ์คริสต์เพื่อทุกคน -- 6.1 ความหมายของโบสถ์คริสต์ -- 6.2 ประเภทและรูปแบบของโบสถ์คริสต์ในประเทศไทย -- 6.3 องค์ประกอบของโบสถ์คริสต์ในประเทศไทย -- 6.4 จุดเสี่ยงในโบสถ์คริสต์สำหรับผู้สูงอายุและคนพิการ -- 6.5 แนวทางการออกแบบสภาพแวดล้อมในโบสถ์ครสต์เพื่อทุกคน -- บทที่ 7 การออกแบบศาลเจ้าเพื่อทุกคน -- 7.1 ความหมายของศาลเจ้า -- 7.2 ประเภทและรูปแบบของศาลเจ้าในประเทศไทย -- 7.3 องค์ประกอบของศาลเจ้าในประเทศไทย -- 7.4 จุดเสี่ยงในศาลเจ้าสำหรับผู้สูงอายุและคนพิการ -- 7.5 แนวทางการออกแบบสภาพแวดล้อมในศาลเจ้าเพื่อทุกคน -- บทที่ 8 แนวทางการบริหารจัดการการปรับสภาพแวดล้อมในศาสนสถานเพื่อทุกคน -- 8.1 แนวทางการปรับสภาพแวดล้อมในศาสนสถานระดับพื้นที่ -- 8.2 ภาคีสำคัญในการปรับสภาพแวดล้อมในศาสนสถาน -- 8.3 กลไกการดำเนินงานเพื่อการปรับสภาพแวดล้อมในศาสนสถาน -- 8.4 กระบวนการทำงานเพื่อการปรับสภาพแวดล้อมในศานสถาน -- 8.5 การมีส่วนร่วมของทุกภาคส่วนในการปรับสภาพแวดล้อมในศาสนสถาน -- 8.6 แหล่งงบประมาณในการปรับสภาพแวดล้อมของศาสนสถาน -- 8.7 ปัญหาและอุปสรรคที่มักพบในการดำเนินงาน -- 8.8 ปัจจัยความสำเร็จและความยั่งยืน -- บทที่ 9 ปัจฉิมบท -- 9.1 สถานการณ์คนพิการและผู้สูงอายุในประเทศไทย -- 9.2 จุดเสี่ยงในอาคารศาสนสถานสำหรับคนพิการและผู้สูงอายุ -- 9.3 แนวทางการปรับสภาพแวดล้อมในอาคารศาสนสถานเพื่อคนพิการและผู้สูงอายุ -- 9.4 การบริหารจัดการการปรับสภาพแวดล้อมในอาคารศาสนสถานเพื่อคนพิการและผู้สูงอายุ -- 9.5 ปัจจัยสู่ความสำเร็จและความยั่งยืน. | |
| 650 | 4 |
_aศาสนสถาน _xการออกแบบและผังพื้น _966344 |
|
| 650 | 4 |
_aศาสนสถาน _xการออกแบบและการสร้าง _966345 |
|
| 942 |
_cGB _2lcc |
||
| 996 |
_anapasorn.k _bLIBSTF _c2025-07-15 |
||
| 996 |
_ajamriang.p _bCATSTF _c2025-07-24 |
||
| 999 |
_c106978 _d106978 |
||
| 998 |
_j1020 _k นางจำเรียง ระวังสำโรง |
||